000 01046nam a22003257a 4500
003 CHAP
005 20220329143724.0
008 110412s1993 us a r 00010 eng d
010 _a100919
011 _a101891
020 _a0938738089
035 _a112579
040 _cCHAP
082 0 4 _a584.909764
_bL84
100 0 0 _aLonard, Robert I.
_967541
245 1 0 _aGuide to grasses of the Lower Rio Grande Valley Texas
_c/por Robert I. Lonard
260 _aEdinburg, Texas :
_bThe University of Texas,
_c1993
300 _a240 p. :
_bilus.
590 _aBATCH-UPD
_b10
_c20130110
_lUCH01
_h0928
590 _aBATCH-UPD
_b10
_c20130410
_lUCH01
_h0548
590 _aBATCH-UPD
_b10
_c20130914
_lUCH01
_h1551
590 _aCONVERSION
_b10
_c20130109
_lUCH01
_h1356
650 1 4 _aGramíneas
_xTexas.
_950292
650 1 4 _aPastos
_xIdentificación.
_986048
650 1 4 _aPastos
_xTexas.
_986083
650 1 4 _aPlantas herbáceas.
_988998
901 _aBK
942 _cLIBRO
949 _a584.909764 L84
_bBC
_cLIBRO
_d33724002239983
_eLIBRO
_h114654
_i112579
_sb
999 _c100919
_d100919